000 00690nam a22002057a 4500
999 _c17985
_d17985
008 191018b xxu||||| |||| 00| 0 eng d
020 _a9966261274
020 _a9966261281
020 _a9966261298
040 _aKABU
_cKABU
050 _aM1547
_b.W36 2018 v. 1-3 c. 1
100 _aWanyama, Mellitus Nyongesa
245 _aAnthology of music arrangements and compositions
_ba handbook for Universities, Colleges and Schools
_cMellitus Nyongesa Wanyama
260 _aEldoret, Kenya
_bUtafiti Foundation
_c2018
300 _a200 p.
650 _aChoruses, secular (mixed voices)
650 _aChoruses, sacred (mixed voices)
650 _aFolk songs
942 _2lcc
_cBK
_hM1547